Cinematography #1: Darius Khondji - Statistics

General Stats
  • This quiz has been taken 9 times
  • The average score is 10 of 22
Answer Stats
Year Director Views Rating (/5) Movie % Correct
1995 David Fincher 3.8 M 4.4 Seven
100%
2025 Ari Aster 302 K 3.4 Eddington
78%
2025 Bong Joon Ho 1.9 M 3.6 Mickey 17
78%
2012 Michael Haneke 196 K 4.2 Amour
56%
2022 Alejandro G. Innaritu 86 K 3.5 K Bardo, False Chronicle of a Handful of Truths
56%
2011 Woody Allen 1.1 M 3.7 Midnight in Paris
56%
2016 James Gray 164 K 3.4 The Lost City of Z
56%
2019 Paul Thomas Anderson 155 K 4.0 Anima
44%
2022 James Gray 72 K 3.4 Armageddon Time
44%
1991 Jean-Pierre Jeunet, Marc Caro 143 K 3.8 Delicatessen
44%
2007 Michael Haneke 236 K 3.6 Funny Games
44%
2017 Bong Joon Ho 683 K 3.7 Okja
44%
2002 David Fincher 520 K 3.5 Panic Room
44%
2000 Danny Boyle 302 K 3.2 The Beach
44%
2019 Josh and Benny Safdie 1.9 M 3.9 Uncut Gems
44%
1997 Jean-Pierre Jeunet 402 K 2.7 Alien Resurrection
33%
2013 James Gray 51 K 3.5 The Immigrant
33%
2005 Sidney Pollack 50 K 3.0 The Interpreter
22%
1999 Roman Polanski 175 K 3.1 The Ninth Gate
22%
2019 Nicholas Winding Refn 23 K 3.9 Too Old to Die Young
22%
2007 Wong Kar-wai 77 K 3.2 My Blueberry Nights
11%
2006 Douglas Gordon, Philippe Parreno 3.8 K 3.5 Zidane, un portrait du 21e siècle
11%
No matching quizzes found
Score Distribution
Percent of People with Each Score
Percentile by Number Answered
Your Score History
You have not taken this quiz